=LDR 00000nam 2200000 4500 =001 INLIS000000000007869 =005 20130612095814 =008 ***********************************Ind** =035 ##$$0010-061300000007869 =041 ##$$a Ind =082 ##$$a 795.413 =090 ##$$a 795.413, Sis r =100 ##$$a Siregar, RM =245 ##$$a Radar gelap, Ras Siregar =260 ##$$a 1987 $b Jakarta =300 ##$$a 164 hlm, 21 cm =650 ##$$a Kartu-permainan